|
|
|
|
| LEADER |
00000nam a22000007a 4500 |
| 005 |
20110923134637.0 |
| 008 |
110923s2007 po |||||s|||| 00| 0 por d |
| 035 |
|
|
|a 2081
|
| 040 |
|
|
|a vLex
|
| 090 |
|
|
|c 2560
|d 2560
|
| 100 |
1 |
|
|a Rua, Nuno Jorge
|
| 245 |
1 |
0 |
|a Inventor's Guide to Portugal
|h [Recurso electrn̤ico] /
|c Nuno Jorge Rua, Catarina Mendes Lopes
|
| 256 |
|
|
|a Servicio en ln̕ea.
|
| 260 |
|
|
|a Lisboa :
|b Franco Caiado Guerreiro & Associados,
|c 2007
|
| 300 |
|
|
|a 1 recurso electrn̤ico
|
| 506 |
1 |
|
|a Contenido solo disponible en los productos indicados
|d vLex Global
|d vLex Global (Academic Edition, excluding Law Schools)
|d vLex Global (U.S. Academic Edition, Law Schools)
|d vLex Global (U.S. Academic Edition, excluding Law Schools)
|d vLex Global (Academic Edition, Law Schools)
|
| 650 |
0 |
4 |
|a Derecho civil
|
| 710 |
2 |
|
|a Franco Caiado Guerreiro & Associados
|
| 740 |
0 |
|
|a vLex Libros (Servicio en ln̕ea)
|
| 856 |
4 |
0 |
|u http://vlex.com/source/2081
|z Acceso restringido
|
| 942 |
|
|
|c BOOK
|